[Event "Landsturneringen 2014"]
[Site "Trondheim, Sør-Trøndelag NOR"]
[Date "2014.07.13"]
[Round "2"]
[White "Lange, David"]
[Black "Sætre, Roger"]
[Result "1-0"]
[WhiteElo "1817"]
[BlackElo "1834"]
[PlyCount "79"]
[EventDate "2014.07.12"]

1. d4 Nf6 2. c4 e5 3. dxe5 Ng4 4. Nf3 Nc6 5. Nc3 Ngxe5 6. e3 g6 7. Be2 Bg7 8.
Bd2 Nxf3+ 9. Bxf3 Ne5 10. Qe2 Nxf3+ 11. Qxf3 d6 12. O-O O-O 13. Rac1 Rb8 14. b3
Re8 15. Rfd1 h5 16. h3 Bd7 17. Nd5 c6 18. Nc3 Qe7 19. Ne2 Rbd8 20. Ba5 Rc8 21.
Bc3 Rcd8 22. Bxg7 Kxg7 23. Qf4 Be6 24. Rd2 d5 25. cxd5 Bxd5 26. Qd4+ Kg8 27.
Qxa7 Qg5 28. Nf4 Bxg2 29. Rxd8 Bf3+ 30. Kh2 Qxd8 31. Qc5 Qh4 32. Qc2 g5 33. Rg1
g4 34. Rg3 Re4 35. Nxh5 Qxh5 36. Rxf3 gxf3 37. Qxe4 f5 38. Qf4 Kf7 39. e4 Ke7
40. Qxf5 1-0

[Event "Landsturneringen 2014"]
[Site "Trondheim, Sør-Trøndelag NOR"]
[Date "2014.07.13"]
[Round "2"]
[White "Furnes, Torstein"]
[Black "Johnsen, Fredrik"]
[Result "1-0"]
[WhiteElo "1609"]
[BlackElo "1667"]
[Annotator "Furnes,Torstein"]
[PlyCount "81"]
[EventDate "2014.07.12"]

1. d4 Nf6 2. c4 e6 3. Nc3 Bb4 4. Qc2 O-O 5. Bg5 d5 6. e3 h6 7. Bh4 c5 8. a3
Bxc3+ 9. bxc3 cxd4 10. exd4 Re8 11. Nf3 Nc6 12. cxd5 exd5+ 13. Be2 Qd6 14. O-O
Ne4 15. Bd3 Qf4 16. Rfe1 Bg4 17. Bg3 Nxg3 18. fxg3 Qc7 19. Qb3 Be6 20. Rab1 Na5
21. Qb4 Rab8 22. Ne5 Nc4 23. Nxc4 dxc4 24. Be4 Bg4 25. Qa4 Re6 26. Bd5 b5 27.
Qb4 a5 28. Qb2 Rd6 29. Re5 Kf8 30. Rbe1 Qd7 $2 $16 31. Bxc4 b4 $6 32. axb4 $6 (
{Bedre er} 32. Rxa5) 32... axb4 33. cxb4 Rxd4 34. Qc2 $6 ({Hvit hadde her
mulighet til å vinne kvalitet med følgende fine trekk:} 34. Bb5 $1 Rxb5 35.
Rxb5 Qxb5 36. Qxd4) 34... g6 $6 (34... f6 35. Re7 Qxe7 36. Rxe7 Kxe7) 35. Rf1
$2 ({Hvit vinner etter} 35. Qb2 $1) 35... Bf5 36. Qc1 Rd2 37. g4 Qd4+ 38. Kh1
Qxe5 $2 {Tapstrekket.} (38... Rd8 39. Re2 Rd1 40. Qxh6+ Kg8 41. Ree1) 39. Qxd2
Bxg4 40. Qxh6+ Ke8 41. Bxf7+ ({Hvit vinner raskere med} 41. Rxf7 Qe1+ 42. Rf1)
1-0

[Event "Landsturneringen 2014"]
[Site "Trondheim, Sør-Trøndelag NOR"]
[Date "2014.07.13"]
[Round "2"]
[White "Lange, Holger"]
[Black "Hjelm-Hansen, Paul Emil"]
[Result "1/2-1/2"]
[WhiteElo "1663"]
[BlackElo "1508"]
[PlyCount "60"]
[EventDate "2014.07.12"]

1. e4 c6 2. d4 d5 3. exd5 cxd5 4. Bd3 Nc6 5. Nf3 Bg4 6. c3 e6 7. O-O Nf6 8. Bg5
Be7 9. Nbd2 Qc7 10. Rc1 Nd7 11. Be3 Bd6 12. Qb3 O-O 13. Qc2 h6 14. h3 Bxf3 15.
Nxf3 Rac8 16. Qe2 Nf6 17. Nd2 Qe7 18. f4 a6 19. g3 b5 20. a3 Na5 21. Qf3 Nc4
22. Nxc4 bxc4 23. Bb1 Rb8 24. Rf2 Rb7 25. Qg2 Rfb8 26. Ba2 Ne4 27. Re2 Rb6 28.
Rce1 f5 29. Bc1 Qf7 30. Rf1 Qh5 1/2-1/2

[Event "Landsturneringen 2014"]
[Site "Trondheim, Sør-Trøndelag NOR"]
[Date "2014.07.13"]
[Round "2"]
[White "Ruud, Kjetil"]
[Black "Lund, Johnny"]
[Result "0-1"]
[WhiteElo "1288"]
[BlackElo "1406"]
[PlyCount "124"]
[EventDate "2014.07.12"]

1. e4 e6 2. d4 d5 3. e5 c5 4. c3 Nc6 5. Bb5 Bd7 6. Bxc6 bxc6 7. Ne2 cxd4 8.
Qxd4 c5 9. Qg4 Qb6 10. O-O Ne7 11. Nd2 Nf5 12. Nf4 g6 13. h4 h5 14. Qh3 Be7 15.
Nf3 d4 16. c4 Bc6 17. Ng5 Rd8 18. Nd3 Qb7 19. Re1 Qd7 20. Qh2 Ba8 21. Qf4 Qc6
22. f3 a5 23. Kh2 Bb7 24. a4 Ba6 25. b3 Rb8 26. Ra3 Rb7 27. Bd2 Bd8 28. Ne4 Bb6
29. g4 hxg4 30. fxg4 Rxh4+ 31. Kg1 Rb8 32. Ndf2 Kd7 33. Qg5 Rbh8 34. gxf5 gxf5
35. Nf6+ Kc8 36. Qg2 Qxg2+ 37. Kxg2 Rh2+ 38. Kf1 Bb7 39. Ke2 Rxf2+ 40. Kxf2
Rh2+ 41. Kg3 Rxd2 42. Raa1 Rd3+ 43. Kf4 Rxb3 44. Rab1 Rf3+ 45. Kg5 Kc7 46. Ne8+
Kc6 47. Rb2 Bd8+ 48. Nf6 Rc3 49. Reb1 Ba6 50. Rb8 Bc7 51. Rf8 Bxc4 52. Rxf7 Bb3
53. Kf4 d3 54. Ke3 Bxe5 55. Nd7 Bd6 56. Kd2 Rc2+ 57. Kxd3 c4+ 58. Kd4 f4 59.
Ne5+ Bxe5+ 60. Kxe5 Re2+ 61. Kd4 e5+ 62. Kc3 Rc2# 0-1

[Event "Landsturneringen 2014"]
[Site "Trondheim, Sør-Trøndelag NOR"]
[Date "2014.07.13"]
[Round "2"]
[White "Kjelstrup, Joachim"]
[Black "Ridal, Odd G"]
[Result "0-1"]
[WhiteElo "1090"]
[BlackElo "1070"]
[PlyCount "64"]
[EventDate "2014.07.12"]

1. c4 e5 2. g3 Nf6 3. Nc3 c6 4. d3 Be7 5. Bg2 O-O 6. Nf3 d6 7. O-O h6 8. a3 Be6
9. b4 d5 10. cxd5 Nxd5 11. Bb2 f6 12. d4 exd4 13. Nxd4 Nxc3 14. Bxc3 Bd5 15.
Qc2 Bxg2 16. Ne6 Qc8 17. Nxf8 Bxf1 18. Ng6 Qe6 19. Rxf1 Nd7 20. f4 Qe3+ 21. Kg2
Re8 22. Qb3+ Kh7 23. Qf7 Bd8 24. Bxf6 Nxf6 25. Nf8+ Rxf8 26. Qxf8 Qxe2+ 27. Rf2
Qe4+ 28. Kf1 Bb6 29. Rd2 Nd5 30. Qd6 Ne3+ 31. Ke1 Nc4+ 32. Re2 Qh1# 0-1

[Event "Landsturneringen 2014"]
[Site "Trondheim, Sør-Trøndelag NOR"]
[Date "2014.07.13"]
[Round "2"]
[White "Tveten, Per"]
[Black "Lea, Per"]
[Result "0-1"]
[WhiteElo "1421"]
[BlackElo "1661"]
[Annotator "Lea, Per"]
[PlyCount "130"]
[EventDate "2014.07.12"]

1. e4 e5 2. Nf3 Nc6 3. Bc4 Nf6 4. Ng5 d5 5. exd5 Na5 6. d3 Bd6 7. O-O h6 8. Nf3
Bg4 9. h3 Bh5 10. Nbd2 O-O 11. Qe1 Re8 12. Nh2 $2 e4 $1 13. Qe3 $2 Bg6 $2 (
13... exd3 14. Qxd3 Nxc4 15. Qxc4 Be2 16. Qa4 Bxh2+ 17. Kxh2 Bxf1 18. Nxf1 Nxd5
$19) 14. Qd4 Nc6 15. Qc3 Be5 16. Qb3 Nd4 17. Qa4 (17. Qxb7 Qd6 18. g3 Nxc2 19.
Rb1 exd3 $19) 17... a6 18. Bb3 exd3 (18... Ne2+ 19. Kh1 Bxh2 20. Nxe4 b5 21.
Qa5 Bxe4 22. dxe4 Qd6 $19) 19. c3 Ne2+ 20. Kh1 Nxd5 (20... b5 $1) 21. Nhf3 Bf6
22. Nh4 Nb6 (22... Bxh4 $1 23. Bxd5 Bxf2 24. Bxf7+ Bxf7 25. Rxf2 Qd6) 23. Qg4
Bh7 24. Nf5 Bxf5 25. Qxf5 Re5 $2 26. Qg6 $1 Qd7 27. Ne4 Kf8 $2 (27... Kh8 28.
Bxf7 Rxe4 29. Qxe4 Qxf7 30. Qxd3) 28. Nxf6 (28. Qh7 Qf5 29. Nxf6 Qxf6 30. Be3
Qg6 31. Qxg6 fxg6 $15) 28... fxg6 29. Nxd7+ Nxd7 30. Bd2 Nc5 31. Kh2 b5 32. f4
Re7 33. f5 Nxb3 34. axb3 g5 35. f6 Rf7 36. fxg7+ Kxg7 37. Rxf7+ Kxf7 38. Rf1+
Ke6 39. Rf3 Rd8 40. Re3+ Kf7 41. Re5 Rd6 42. g4 c6 43. Kg2 Kf6 44. Rf5+ Ke6 45.
Rf8 {Med remistilbud} Ke5 46. Re8+ Kd5 47. Re3 Kc5 48. Re5+ Kb6 49. b4 a5 50.
bxa5+ Kxa5 51. c4+ Ka4 52. cxb5 cxb5 53. b3+ $4 Kxb3 54. Kf2 $2 b4 55. Ke1 Nd4
(55... Nc3 $1) 56. Kf2 Kc4 57. Re8 b3 58. Rb8 Nb5 59. Rc8+ Kd5 60. Rb8 Kc6 61.
Ke3 b2 62. Bb4 Re6+ 63. Kxd3 b1=Q+ 64. Kd2 Qxb4+ 65. Kd3 Qd4+ 0-1

[Event "Landsturneringen 2014"]
[Site "Trondheim, Sør-Trøndelag NOR"]
[Date "2014.07.13"]
[Round "2"]
[White "Ringstad, Kjell"]
[Black "Bakken, Svein-Erik"]
[Result "0-1"]
[WhiteElo "1073"]
[BlackElo "1401"]
[PlyCount "114"]
[EventDate "2014.07.12"]

1. e4 c5 2. c4 Nc6 3. Nc3 e6 4. Nf3 a6 5. Be2 Qc7 6. d3 Nf6 7. O-O Be7 8. Be3
O-O 9. Qd2 b6 10. Bf4 d6 11. a3 Bb7 12. Rab1 Rfd8 13. b4 cxb4 14. axb4 Ne5 15.
Rfc1 Nfd7 16. Qc2 Rdc8 17. Nd1 Qd8 18. Be3 d5 19. Qb3 dxc4 20. dxc4 Qe8 21. Nc3
Ng6 22. Nd2 Rcb8 23. b5 a5 24. Na4 Bc8 25. c5 bxc5 26. Bxc5 Nxc5 27. Nxc5 Qf8
28. Na4 Bb4 29. Rc2 Bd7 30. Nc3 Qe8 31. Qa4 Rc8 32. Rb3 Rab8 33. Ndb1 Ne5 34.
f4 Nc4 35. Rxb4 axb4 36. Qxb4 Nb6 37. Rb2 Ra8 38. Na3 Qd8 39. Nc4 Qc7 40. Nxb6
Qxb6+ 41. Kf1 Ra1+ 42. Nd1 Rcc1 43. Qd2 Be8 44. g3 h6 45. Kg2 Rc5 46. Qd3 Ra5
47. Nc3 Ra3 48. e5 Raxc3 49. Qd6 Qxd6 50. exd6 Rc2 51. Rxc2 Rxc2 52. Kf3 Rb2
53. Ke4 Rxe2+ 54. Kd4 Bxb5 55. Kc5 Rb2 56. Kb6 Kf8 57. Kc7 Ke8 0-1

[Event "Landsturneringen 2014"]
[Site "Trondheim, Sør-Trøndelag NOR"]
[Date "2014.07.13"]
[Round "2"]
[White "Lange, Magnus Øyvind"]
[Black "Unneland, Niklas"]
[Result "1-0"]
[WhiteElo "655"]
[BlackElo "675"]
[PlyCount "99"]
[EventDate "2014.07.12"]

1. e4 c5 2. Nf3 Nc6 3. d4 e6 4. d5 Nd4 5. Nxd4 cxd4 6. Qxd4 d6 7. dxe6 Bxe6 8.
Bb5+ Bd7 9. Qa4 Nf6 10. Bg5 a6 11. Bxf6 axb5 12. Bxd8 bxa4 13. Bb6 Bc6 14. O-O
Be7 15. Nc3 O-O 16. Nd5 Bxd5 17. exd5 Bf6 18. Rab1 Rfe8 19. b3 a3 20. Rbe1 Bc3
21. Re3 Rxe3 22. Bxe3 Re8 23. Rd1 Rc8 24. Bd2 Bxd2 25. Rxd2 Re8 26. h3 Re1+ 27.
Kh2 Rb1 28. Re2 Kf8 29. Re3 Rb2 30. b4 Rxa2 31. c4 f5 32. c5 f4 33. Re1 dxc5
34. bxc5 Rd2 35. d6 Rc2 36. d7 Rd2 37. Re8+ Kf7 38. d8=Q Rxd8 39. Rxd8 a2 40.
Ra8 a1=Q 41. Rxa1 Ke6 42. Ra7 b5 43. cxb6 Kd5 44. b7 Kc6 45. b8=Q Kd5 46. Qe8
Kd6 47. Rd7+ Kc6 48. Qc8+ Kb6 49. Rb7+ Ka6 50. Qa8# 1-0

[Event "Landsturneringen 2014"]
[Site "Trondheim, Sør-Trøndelag NOR"]
[Date "2014.07.13"]
[Round "2"]
[White "Thorvaldsen, Thomas"]
[Black "Shehzad, Alisha"]
[Result "1-0"]
[WhiteElo "1058"]
[BlackElo "543"]
[PlyCount "105"]
[EventDate "2014.07.12"]

1. d4 d5 2. c4 Nf6 3. cxd5 Nxd5 4. e4 Nb6 5. Nf3 g6 6. Nc3 Bg7 7. Be3 c6 8. Qd2
O-O 9. Bh6 f6 10. Bxg7 Kxg7 11. d5 Qd6 12. a4 a5 13. Qd4 c5 14. Qe3 e6 15. Nb5
Qd8 16. Qxc5 exd5 17. exd5 Na6 18. Qc1 Re8+ 19. Be2 Qe7 20. Nfd4 Bf5 21. O-O
Rac8 22. Qf4 Rcd8 23. Bg4 Bxg4 24. Qxg4 Kf7 25. Qh4 Kg8 26. f4 Rxd5 27. Rfe1
Qd8 28. Rxe8+ Qxe8 29. Qxf6 Nd7 30. Qh4 Qf7 31. Qd8+ Kg7 32. Qxa5 Qxf4 33. Ne6+
Kf6 34. Nxf4 Rf5 35. Qd8+ Ke5 36. Qxd7 Kxf4 37. Rf1+ Ke3 38. Rxf5 gxf5 39. Qxf5
h6 40. Qe6+ Kd3 41. Qxh6 Kc2 42. g4 Nc5 43. g5 Ne4 44. g6 Nf6 45. g7 Ng8 46.
Qh7+ Kxb2 47. Qxg8 Kc2 48. Qh7+ Kd2 49. g8=Q Ke2 50. Qg3 Kd2 51. Qhd3+ Kc1 52.
Qe1+ Kb2 53. Qee2+ 1-0

[Event "Landsturneringen 2014"]
[Site "Trondheim, Sør-Trøndelag NOR"]
[Date "2014.07.14"]
[Round "3"]
[White "Smeby, Ole"]
[Black "Lange, David Sebastian"]
[Result "1-0"]
[WhiteElo "1867"]
[BlackElo "1817"]
[PlyCount "89"]
[EventDate "2014.07.12"]

1. d4 d5 2. Nf3 Nf6 3. c4 c6 4. e3 g6 5. Bd3 Bg7 6. O-O O-O 7. Nc3 Nbd7 8. cxd5
cxd5 9. Qb3 Nb6 10. Bd2 Bd7 11. Ne5 Bc6 12. a4 Nbd7 13. f4 Qb6 14. Qa3 Rfe8 15.
b4 a6 16. Qb3 e6 17. b5 axb5 18. axb5 Rxa1 19. Rxa1 Nxe5 20. fxe5 Ne4 21. Nxe4
dxe4 22. Bc4 Bd7 23. Ba5 Qa7 24. Qb1 b6 25. Bb4 Qb7 26. Qa2 Rc8 27. Bf1 Bh6 28.
Bd2 Qd5 29. Qa4 f6 30. exf6 Bg5 31. Qa7 e5 32. Qxb6 exd4 33. Rc1 d3 34. Rxc8+
Bxc8 35. Qc7 Qd7 36. Qe5 Bxf6 37. Qxf6 Qf5 38. Qxf5 gxf5 39. Kf2 Kf7 40. Kg3
Ke6 41. Kf4 Kd5 42. g4 fxg4 43. Bg2 h5 44. Bxe4+ Kc4 45. b6 1-0

[Event "Landsturneringen 2014"]
[Site "Trondheim, Sør-Trøndelag NOR"]
[Date "2014.07.14"]
[Round "3"]
[White "Ness, Jarle"]
[Black "Lange, Holger"]
[Result "1-0"]
[WhiteElo "1621"]
[BlackElo "1663"]
[PlyCount "97"]
[EventDate "2014.07.12"]

1. e4 c5 2. Nf3 Nc6 3. d4 cxd4 4. Nxd4 Nf6 5. Nc3 d6 6. Be3 e6 7. f3 Be7 8. Qd2
Bd7 9. Ndb5 Qb8 10. O-O-O O-O 11. Nxd6 Rd8 12. Ndb5 a6 13. Nd4 Be8 14. Nxc6
Bxc6 15. Qf2 Rxd1+ 16. Nxd1 Qd6 17. g4 Rc8 18. Bd3 b5 19. h4 Bb7 20. Kb1 b4 21.
b3 Qc6 22. Nb2 Bd8 23. h5 Nd7 24. Nc4 a5 25. g5 a4 26. Rg1 axb3 27. axb3 Ra8
28. Bd4 f6 29. gxf6 Bxf6 30. Bxf6 Nxf6 31. h6 g6 32. Qd4 Ne8 33. Ne5 Qc3 34.
Qxc3 bxc3 35. Nd7 Ra5 36. Bc4 Kf7 37. Rh1 Ke7 38. Nb6 Nd6 39. Bd3 Nb5 40. Na4
Nd4 41. Rh3 Kf6 42. f4 e5 43. fxe5+ Rxe5 44. Nxc3 Kg5 45. Rh2 Nf3 46. Rf2 Nd4
47. Rf7 Bxe4 48. Nxe4+ Kxh6 49. Nf6 1-0

[Event "Landsturneringen 2014"]
[Site "Trondheim, Sør-Trøndelag NOR"]
[Date "2014.07.14"]
[Round "3"]
[White "Valle, Knut"]
[Black "Furnes, Torstein"]
[Result "1/2-1/2"]
[WhiteElo "1548"]
[BlackElo "1609"]
[PlyCount "35"]
[EventDate "2014.07.12"]

1. d4 d5 2. Nf3 Nf6 3. e3 Bg4 4. h3 Bf5 5. Bd3 Bxd3 6. Qxd3 Nbd7 7. Nbd2 e6 8.
O-O c5 9. c3 Be7 10. Re1 O-O 11. e4 dxe4 12. Nxe4 Qc7 13. Bg5 c4 14. Qc2 b5 15.
Ne5 Nxe5 16. dxe5 Nxe4 17. Bxe7 Qxe7 18. Qxe4 1/2-1/2

[Event "Landsturneringen 2014"]
[Site "Trondheim, Sør-Trøndelag NOR"]
[Date "2014.07.14"]
[Round "3"]
[White "Nesheim, Mathias"]
[Black "Ruud, Kjetil"]
[Result "1-0"]
[WhiteElo "1264"]
[BlackElo "1288"]
[PlyCount "53"]
[EventDate "2014.07.12"]

1. e4 b6 2. d4 Bb7 3. Bd3 e6 4. Nf3 d5 5. Qe2 c5 6. c3 c4 7. Bc2 b5 8. O-O dxe4
9. Bxe4 Bd5 10. a4 b4 11. Nbd2 Bxe4 12. Nxe4 bxc3 13. bxc3 Qd5 14. Nfd2 f5 15.
Ng5 Ke7 16. Ba3+ Kf6 17. Bxf8 Nd7 18. Bxg7+ Kxg7 19. Nxe6+ Kf7 20. Nc7 Qc6 21.
Nxa8 Qxa8 22. Qxc4+ Kg6 23. Qe6+ Ngf6 24. Nf3 Re8 25. Nh4+ Kg5 26. Qxf5+ Kxh4
27. g3# 1-0

[Event "Landsturneringen 2014"]
[Site "Trondheim, Sør-Trøndelag NOR"]
[Date "2014.07.14"]
[Round "3"]
[White "Høglund, Claes"]
[Black "Kjelstrup, Joachim"]
[Result "1-0"]
[WhiteElo "1091"]
[BlackElo "1090"]
[PlyCount "87"]
[EventDate "2014.07.12"]

1. b3 b6 2. Bb2 Nc6 3. Nf3 Bb7 4. d4 e6 5. e3 Nf6 6. Bc4 Bb4+ 7. c3 Bd6 8. Nbd2
Qe7 9. h3 O-O-O 10. Qe2 Rhf8 11. e4 Bf4 12. Ba6 Bxd2+ 13. Nxd2 e5 14. Bxb7+
Kxb7 15. d5 Nb8 16. a4 c5 17. a5 Qd6 18. Nc4 Qc7 19. axb6 axb6 20. O-O d6 21.
Na3 Kc8 22. Nb5 Qb7 23. Ra7 Qd7 24. Rxd7 Rxd7 25. Ra1 Kd8 26. Ra8 Ke7 27. Na7
Rfd8 28. Rxb8 Rxa7 29. Rxd8 Kxd8 30. Qb5 Nd7 31. c4 Ra2 32. Bc3 Rc2 33. Be1 Rc1
34. Kf1 Rb1 35. Qc6 Rxb3 36. Qxd6 Rb1 37. Qc6 Ke7 38. d6+ Ke6 39. Qd5+ Kf6 40.
Qd3 Rc1 41. Ke2 Ra1 42. h4 h6 43. Qh3 g6 44. Qxd7 {svart ga opp} 1-0

[Event "Landsturneringen 2014"]
[Site "Trondheim, Sør-Trøndelag NOR"]
[Date "2014.07.14"]
[Round "3"]
[White "Bakken, Svein-Erik"]
[Black "Ferkingstad, Per M"]
[Result "0-1"]
[WhiteElo "1401"]
[BlackElo "1182"]
[PlyCount "88"]
[EventDate "2014.07.12"]

1. d4 Nf6 2. c4 c5 3. dxc5 e6 4. Nf3 Bxc5 5. a3 O-O 6. e3 d5 7. Nc3 dxc4 8. Qc2
a6 9. Bxc4 b5 10. Be2 Nbd7 11. O-O Bb7 12. b4 Be7 13. Bb2 Rc8 14. Rac1 Rc7 15.
Qd2 Qb8 16. Rfd1 Rd8 17. Qe1 Nb6 18. Nb1 Rdc8 19. Be5 Nfd5 20. Bxc7 Rxc7 21.
Rxc7 Qxc7 22. Rc1 Qb8 23. Nd4 Bd6 24. h3 Qa8 25. Bf1 Nf6 26. Nd2 Nbd7 27. N2b3
Ne5 28. Nc5 Bd5 29. f3 Nh5 30. e4 Bc4 31. Bxc4 Nxc4 32. a4 Bf4 33. Rxc4 bxc4
34. Qc3 Qd8 35. Qxc4 Be3+ 36. Kf1 Bxd4 37. Nxa6 Be3 38. Qc2 g6 39. Ke2 Qd4 40.
b5 Nf4+ 41. Ke1 Qa1+ 42. Qd1 Qc3+ 43. Kf1 Qc4+ 44. Ke1 Nxg2# 0-1

[Event "Landsturneringen 2014"]
[Site "Trondheim, Sør-Trøndelag NOR"]
[Date "2014.07.14"]
[Round "3"]
[White "Lange, Magnus Øyvind"]
[Black "Shehzad, Shazil"]
[Result "0-1"]
[WhiteElo "655"]
[BlackElo "717"]
[PlyCount "48"]
[EventDate "2014.07.12"]

1. e4 c5 2. Nf3 Nc6 3. Bc4 e6 4. O-O d5 5. exd5 exd5 6. Re1+ Be6 7. Bb5 Qb6 8.
Bxc6+ Qxc6 9. Ne5 Qc7 10. d3 Bd6 11. Nf3 Ne7 12. c3 O-O 13. Be3 Bg4 14. g3 Ng6
15. d4 c4 16. Kg2 f5 17. h3 Bh5 18. Qd2 f4 19. Ng5 fxe3 20. Qxe3 Rae8 21. Ne6
Qf7 22. g4 Nh4+ 23. Kf1 Bg6 24. Re2 Be4 0-1

[Event "Landsturneringen 2014"]
[Site "Trondheim, Sør-Trøndelag NOR"]
[Date "2014.07.14"]
[Round "3"]
[White "Lystad, Maximillian"]
[Black "Thorvaldsen, Thomas"]
[Result "1-0"]
[WhiteElo "795"]
[BlackElo "1058"]
[PlyCount "88"]
[EventDate "2014.07.12"]

1. e4 e6 2. d4 d5 3. exd5 exd5 4. c4 c6 5. Nc3 Bb4 6. cxd5 cxd5 7. Qc2 Nf6 8.
Nf3 Qe7+ 9. Be3 Ng4 10. Bb5+ Nc6 11. Bxc6+ bxc6 12. Qd3 O-O 13. O-O Qc7 14. h3
Nf6 15. a3 Bxc3 16. bxc3 Qa5 17. Qd2 Rb8 18. c4 Qxd2 19. Nxd2 Ba6 20. Rfc1 Rb7
21. c5 Rfb8 22. Rab1 Rxb1 23. Rxb1 Rxb1+ 24. Nxb1 Ne4 25. Bf4 g5 26. Bb8 Bd3
27. f3 Nf6 28. Nd2 a5 29. Nb3 a4 30. Na5 Bb5 31. Bd6 Kg7 32. g4 Kg6 33. Kf2 Nd7
34. f4 gxf4 35. Bxf4 Nf6 36. Ke1 Ne4 37. Bd2 Nxd2 38. Kxd2 Bf1 $4 39. Nxc6 Bxh3
40. Ne5+ Kg5 41. c6 h5 42. c7 hxg4 43. c8=Q Kh4 44. Ke3 g3 1-0

[Event "Landsturneringen 2014"]
[Site "Trondheim, Sør-Trøndelag NOR"]
[Date "2014.07.14"]
[Round "4"]
[White "Sjøl, Henrik"]
[Black "Lange, David"]
[Result "1/2-1/2"]
[WhiteElo "1762"]
[BlackElo "1817"]
[PlyCount "43"]
[EventDate "2014.07.12"]

1. d4 d5 2. Nf3 Nf6 3. Bf4 Bf5 4. c4 e6 5. Nc3 c6 6. e3 Bd6 7. Ne5 O-O 8. Qb3
b6 9. cxd5 Nxd5 10. Nxd5 cxd5 11. Bd3 Bxd3 12. Nxd3 Bxf4 13. Nxf4 Nd7 14. O-O
Nf6 15. Rac1 Rc8 16. Rc2 Qd7 17. Rfc1 Ne4 18. Qd3 Nd6 19. Ne2 Rxc2 20. Rxc2 Rc8
21. Rxc8+ Qxc8 22. Qc3 1/2-1/2

[Event "Landsturneringen 2014"]
[Site "Trondheim, Sør-Trøndelag NOR"]
[Date "2014.07.14"]
[Round "4"]
[White "Portazadi, Bagher"]
[Black "Lange, Holger"]
[Result "1/2-1/2"]
[WhiteElo "1513"]
[BlackElo "1663"]
[PlyCount "80"]
[EventDate "2014.07.12"]

1. c4 Nf6 2. g3 g6 3. Bg2 Bg7 4. Nc3 c6 5. e4 d6 6. Nge2 O-O 7. O-O Nbd7 8. d4
Nb6 9. b3 Qc7 10. Bb2 Rd8 11. d5 Bd7 12. h3 e6 13. Rc1 Be8 14. Kh2 Qe7 15. f4
cxd5 16. exd5 Rac8 17. dxe6 fxe6 18. Ng1 Bc6 19. Qe2 Qf7 20. Nf3 Re8 21. Rcd1
Qc7 22. Qd2 Rcd8 23. Rfe1 Nc8 24. Nb5 Qb8 25. Qc1 a6 26. Nbd4 Bd7 27. Nc2 b5
28. cxb5 Bxb5 29. Qa1 Nh5 30. Bxg7 Nxg7 31. Ne3 Rf8 32. Nc4 Nb6 33. Na5 d5 34.
Nd4 Rde8 35. Nxb5 axb5 36. Nc6 Qd6 37. Ne5 Nd7 38. Rc1 Nxe5 39. Qxe5 Qxe5 40.
Rxe5 Rc8 1/2-1/2

[Event "Landsturneringen 2014"]
[Site "Trondheim, Sør-Trøndelag NOR"]
[Date "2014.07.14"]
[Round "4"]
[White "Ruud, Kjetil"]
[Black "Lorentzen, Jan Ove"]
[Result "1-0"]
[WhiteElo "1288"]
[BlackElo "1323"]
[PlyCount "135"]
[EventDate "2014.07.12"]

1. e4 e6 2. Nf3 c5 3. d4 cxd4 4. Qxd4 Nc6 5. Qa4 Bc5 6. Bd3 Qb6 7. O-O Nge7 8.
e5 Ng6 9. Qg4 Bf8 10. Bxg6 hxg6 11. Nc3 Bb4 12. Ne4 Ne7 13. c3 d5 14. cxb4 dxe4
15. Qxe4 Nd5 16. a3 Bd7 17. Bd2 Bc6 18. Qd4 Qa6 19. Bg5 Qb6 20. Qg4 a5 21. Nd2
Bb5 22. Rfd1 Bd3 23. Qf3 Bc2 24. Nc4 Qc7 25. Nd6+ Kf8 26. Rdc1 f5 27. Qe2 axb4
28. Qxc2 Qxc2 29. Rxc2 Nb6 30. Rac1 Kg8 31. axb4 Rb8 32. Rc7 Nd5 33. Rc8+ Kh7
34. Rxh8+ Kxh8 35. Rc8+ Rxc8 36. Nxc8 Nxb4 37. Bd2 Nd3 38. Bc3 b5 39. Nd6 b4
40. Bd4 g5 41. Nf7+ Kh7 42. Nxg5+ Kg6 43. Nxe6 f4 44. g3 fxg3 45. hxg3 Kf7 46.
Nc5 Ne1 47. e6+ Kf8 48. Kf1 Nf3 49. Be3 Ke7 50. Ke2 Ng1+ 51. Kd3 Nf3 52. Kc4 g6
53. Kxb4 Ne5 54. Bg5+ Ke8 55. Kb5 Nf3 56. Be3 Ne5 57. b4 Kd8 58. Ka6 Nc6 59. b5
Nb4+ 60. Ka5 Nd5 61. b6 Kc8 62. Ka6 Nb4+ 63. Ka7 Nc6+ 64. Ka8 Kd8 65. Bg5+ Ke8
66. Be3 Ke7 67. b7 Kd6 68. b8=Q+ 1-0

[Event "Landsturneringen 2014"]
[Site "Trondheim, Sør-Trøndelag NOR"]
[Date "2014.07.14"]
[Round "4"]
[White "Lea, Per"]
[Black "Jenkins, Tom Ivar"]
[Result "1/2-1/2"]
[WhiteElo "1661"]
[BlackElo "1713"]
[PlyCount "78"]
[EventDate "2014.07.12"]

1. e4 e6 2. d4 d5 3. Nc3 dxe4 4. Nxe4 Nf6 5. Bg5 Be7 6. Nxf6+ Bxf6 7. Bxf6 Qxf6
8. Nf3 b6 9. Bb5+ Bd7 10. Qe2 O-O 11. Ne5 Qe7 12. Nxd7 Nxd7 13. O-O Nf6 14.
Rad1 Qd6 15. c3 c6 16. Qe5 Rad8 17. Ba4 b5 18. Bc2 Rd7 19. f4 Qxe5 20. dxe5
Rxd1 21. Rxd1 Nd5 22. Be4 g6 23. g3 Rc8 24. Kf2 Kf8 25. Rd3 Ke8 26. b3 Rd8 27.
c4 bxc4 28. bxc4 Ne7 29. Rd6 c5 30. Ra6 Rd7 31. Ra5 Rc7 32. a4 Nc8 33. Bd3 Nb6
34. Ra6 Kd8 35. a5 Nd7 36. Be4 Nb8 37. Rd6+ Rd7 38. Rxd7+ Kxd7 39. Ke3 Nc6
1/2-1/2

[Event "Landsturneringen 2014"]
[Site "Trondheim, Sør-Trøndelag NOR"]
[Date "2014.07.14"]
[Round "4"]
[White "Røsok, Leiv"]
[Black "Bakken, Svein-Erik"]
[Result "0-1"]
[WhiteElo "1169"]
[BlackElo "1401"]
[PlyCount "44"]
[EventDate "2014.07.12"]

{863MB} 1. e4 c5 2. Nf3 Nc6 3. d4 cxd4 4. Nxd4 a6 5. Nc3 e6 6. Be2 Qc7 7. O-O
Nf6 8. Nf3 Be7 9. Bg5 O-O 10. Re1 d6 11. a3 b5 12. Bd3 Bb7 13. Ne2 Rac8 14. Rc1
Rfe8 15. b4 Qb8 16. c3 Red8 17. Qb3 d5 18. Bf4 e5 19. exd5 Rxd5 20. Bf5 exf4
21. Bxc8 Bxc8 22. Nxf4 Qxf4 0-1

[Event "Landsturneringen 2014"]
[Site "Trondheim, Sør-Trøndelag NOR"]
[Date "2014.07.15"]
[Round "5"]
[White "Lange, David"]
[Black "Runde, Hans Arild"]
[Result "1/2-1/2"]
[WhiteElo "1817"]
[BlackElo "1914"]
[PlyCount "109"]
[EventDate "2014.07.12"]

1. d4 Nf6 2. Nf3 e6 3. c4 b6 4. Nc3 c5 5. e3 Bb7 6. Be2 d5 7. O-O Be7 8. cxd5
Nxd5 9. Bb5+ Bc6 10. Bxc6+ Nxc6 11. e4 Nxc3 12. bxc3 O-O 13. Qa4 Qc7 14. Be3 a6
15. Rfd1 b5 16. Qc2 Na5 17. Rac1 Nc4 18. Qe2 Rfd8 19. g3 Rac8 20. Bf4 Qb7 21.
Ne5 Nxe5 22. Bxe5 f6 23. Bf4 g5 24. Qg4 Qxe4 25. Re1 Qf5 26. Qxf5 exf5 27. Rxe7
gxf4 28. dxc5 Rxc5 29. Re6 Kf7 30. Rxa6 fxg3 31. hxg3 b4 32. c4 Rd4 33. Ra7+
Kg6 34. a3 Rcxc4 35. Rxc4 Rxc4 36. axb4 Rxb4 37. Kg2 f4 38. Kf3 fxg3 39. fxg3
h5 40. Ra8 h4 41. gxh4 Rxh4 42. Ra5 Rc4 43. Rb5 Ra4 44. Rc5 Ra3+ 45. Kf4 Ra4+
46. Kf3 f5 47. Rc8 Ra1 48. Rg8+ Kf7 49. Rb8 Rf1+ 50. Ke2 Rf4 51. Rb6 Re4+ 52.
Kf3 Re6 53. Rxe6 Kxe6 54. Kf4 Kd5 55. Kxf5 1/2-1/2